Schlachten Europas - Statistiken

Allgemein
  • Dieses Quiz wurde 117 mal gespielt
  • Das Durchschnittsergebnis liegt bei 8 aus 16
Antwortstatistiken
Bildquiz Hint Antwort % Korrekt
Russland / Deutsches Reich, Rumänien, Königreich Italien & Unabhängiger Staat Kroatien vs. Sowjetunion / 1942-1943 Schlacht von Stalingrad
89%
Frankreich / Frankreich vs. Deutsches Reich / 1916 Schlacht um Verdun
86%
Frankreich / Alliierte vs. Deutsches Reich / 1944 Operation Neptune
85%
Belgien / Frankreich vs. Vereinigtes Königreich, Preußen, Niederlande, Hannover, Nassau & Braunschweig / 1815 Schlacht bei Waterloo
85%
Österreich / Osmanisches Reich vs. Heilige Liga / 1683 Zweite Wiener Türkenbelagerung
73%
Türkei / Osmanisches Reich vs. Byzantinisches Reich / 1453 Eroberung von Konstantinopel
62%
Vereinigtes Königreich / Normannen vs. Angelsachsen / 1066 Schlacht bei Hastings
60%
Griechenland / Griechen vs. Perser / 480 v.Chr. Schlacht bei den Thermopylen
39%
Italien / Römisches Reich vs. Karthago / 216 v.Chr. Schlacht von Cannae
38%
Griechenland / Griechen vs. Perser / 480 v.Chr. Schlacht von Salamis
36%
Deutschland / Schweden vs. Heiliges Römisches Reich / 1632 Schlacht bei Lützen
28%
Griechenland / Osmanisches Reich vs. Heilige Liga / 1571 Seeschlacht von Lepanto
28%
Frankreich / Franken vs. Umayyaden / 732 Schlacht von Tours und Poitiers
26%
Italien / Heer Konstantins I. vs. Heer des Maxentius / 312 Schlacht an der Milvischen Brücke
18%
Portugal / Portugal & Kreuzfahrer vs. Almoraviden / 1147 Belagerung von Lissabon
11%
Spanien / Kastilien, Navarra, Aragón, Narbonne & mehrere Ritterorden vs. Almohaden / 1212 Schlacht bei Las Navas de Tolosa
7%
Keine übereinstimmenden Quizze gefunden
Verteilung der Resultate
Anzahl Personen mit jedem Resultat
Perzentil nach korrekt beantworteten Fragen
Ihre Resultats-Entwicklung
Sie haben dieses Quiz noch nicht gespielt